| 000 | 02678nam a2200301 i 4500 | ||
|---|---|---|---|
| 003 | DO-SdBNP | ||
| 005 | 20250611073819.0 | ||
| 007 | ta | ||
| 008 | 240815s2023 dr d 000 j spa d | ||
| 020 | _a9789945644562 | ||
| 040 |
_aDO-SdBNP _bspa _cBNPHU _erda |
||
| 082 |
_222 _bR426man |
||
| 110 | 1 |
_aRepública Dominicana. _bMinisterio de Salud Pública _980830 |
|
| 245 | 1 | 0 | _aManual para búsqueda activa de casos de tuberculosis: énfasis en población clave y grupos de riesgo / |
| 264 | 1 |
_aSanto Domingo : _bMspas, _c2023. |
|
| 300 |
_a51 páginas, _bgrafícas _c22 cm. |
||
| 336 |
_2rdacontent _atexto _btxt |
||
| 337 |
_2rdamedia _asin mediación _bn |
||
| 338 |
_2rdacarrier _avolumen _bnc |
||
| 500 | _aLibro en espiral. | ||
| 504 | _aBibliografía p: 44. | ||
| 520 | _aLa tuberculosis es un problema prioritario de salud pública; por lo que el Ministerio de Salud Pública y Asistencia Social (MISPAS) a través del Programa de Tuberculosis quien, en su rol de rectoría, es el responsable de conducir la respuesta nacional a esta enfermedad y diseña las estrategias e intervenciones para su prevención y control. Estas estrategias e intervenciones están incluidas en el Plan Decenal de Salud, la Estrategia Nacional de Desarrollo y los Objetivos de Desarrollo Sostenible (ODS) así como la Estrategia Fin de la Tuberculosis, donde se plantea al 2035 la reducción de la incidencia en < de 10 casos por 100,000 habitantes y cero muertes a causa de la Tuberculosis y cero sufrimientos a causa de la enfermedad (1). Como parte de las funciones esenciales de la salud pública y como responsables de la respuesta nacional a la TB, los entes gestores por su parte cumplen con un rol interrelacionado pero al mismo tiempo con un grado importante de defnición de estos papeles, a saber: El MISPAS, en su papel como rector del Sistema Nacional de Salud, es el garante de la Salud Pública de los dominicanos y dominicanas, por otro lado el SNS es responsable de garantizar la prestación de servicio acorde con los reglamentos, guías y protocolos establecidos por el MISPAS (1). En este manual se abordan las recomendaciones para la detección sistemática o búsqueda activa de la tuberculosis en diferentes poblaciones y pretende hacer una medición entre los beneficios y cómo los efectos deseables de la detección están por encima de los daños potenciales tal como se plantea en la guía de la OMS para grupos de riesgo y población clave | ||
| 590 | _aInventariado, 2024/ YL | ||
| 650 | 4 |
_aTuberculosis _xPrevención y control _979001 |
|
| 710 | 1 |
_aMinisterio de Salud Pública y Asistencia Social _986348 |
|
| 910 | _aYLockward | ||
| 942 |
_2ddc _cLBS1 |
||
| 999 |
_c57471 _d57471 |
||